Les 10 meilleures nations du Rugby. - Statistiques

Statistiques générales
  • Ce quiz a été pris 14 894 fois
    2 045 depuis la dernière actualisation
  • Le résultat moyen est 9 sur 10
Statistiques - réponses
Rang Pays Points % Correct
4 France 87.82
100%
2 Nouvelle-Zélande 90.02
98%
5 Angleterre 87.64
98%
1 Afrique du Sud 92.20
97%
3 Irlande 89.83
96%
8 Écosse 81.57
93%
10 Italie 77.77
92%
7 Australie 83.30
89%
6 Argentine 83.82
83%
9 Fidji 81.16
78%
Aucun quiz correspondant
Distribution des résultats
% des personnes avec chaque résultat
Percentile par nombre de réponses
Votre historique - résultats
Vous n’avez pas pris ce quiz depuis la dernière actualisation